Obchodný zákonník Text zákona s dôvodovou správou

Guardado en:
Detalles Bibliográficos
Otros Autores: Kubíček, Pavol
Formato: Libro
Lenguaje:eslovaco
Publicado: Bratislava Kosimpex 1991
Edición:1. vyd.
Materias:
Etiquetas: Agregar Etiqueta
Sin Etiquetas, Sea el primero en etiquetar este registro!

MARC

LEADER 00000nam a2200000 4500
001 c000292
005 20221214094411.3
020 |a 80-85534-02-9 
041 0 |a slo 
044 |a SK 
245 1 0 |a Obchodný zákonník  |b Text zákona s dôvodovou správou  |c Hl. zost. Pavol Kubíček 
250 |a 1. vyd. 
264 1 |a Bratislava  |b Kosimpex  |c 1991 
300 |a 360 s. 
610 2 0 |a právo obchodné 
610 2 0 |a podnik obchodný 
610 2 0 |a obchod vnútorný 
610 2 0 |a obchod medzinárodný 
610 2 0 |a podnikanie 
610 2 0 |a účtovníctvo 
610 2 0 |a register obchodný 
610 2 0 |a súťaž nekalá 
610 2 0 |a spoločnosti obchodné 
610 2 0 |a družstvá 
610 2 0 |a zmluvy obchodné 
610 2 0 |a záväzky hospodárske 
610 2 0 |a zmluvy komisionárske 
610 2 0 |a zákonník obchodný 
700 1 |a Kubíček, Pavol